000 01000nam a22002537a 4500
005 20170123164148.0
010 _aB-124397
020 _c150.00
035 _aB-124397
037 _bCen Lib/Ret
040 _aDPL
_bPN
082 _a
_bਰਜਨੀ
100 _aਰਜਨੀਸ਼ ਬਾਹਦਰ ਸਿੰਘ
_94285
245 _aਦਸ ਦਿਸ਼ਾਵਾਂ :
_cਰਜਨੀਸ਼ ਬਾਹਦਰ ਸਿੰਘ
_bਕਹਾਨੀ ਸੰਗ੍ਰਹਿ /
246 _aDas dishawan : selected short stories /
_bedited by Rajnish Bahadur Singh
260 _aਲੁਧਿਆਣਾ
_bਚੇਤਨਾ ਪ੍ਰਕਾਸ਼ਨ
_c2005
270 _aਪੰਜਾਬੀ ਭਵਨ
_bਲੁਧਿਆਣਾ
_e110006
300 _a182p ;
_c20cm
650 _aਪੰਜਾਬੀ ਕਹਾਣੀਆ
_9123660
650 _aਸਾਹਿਤ -- ਪੰਜਾਬੀ
_9123661
650 _aPunjabi - literature
_9781
650 _aPunjabi -- story
_9123662
942 _2ddc
_cPN
_h
_mਰਜਨੀ
999 _c110140
_d110140